000 00344 a2200157 4500
001 183202
020 _a
040 _cMagnum
100 _aZanete, Vanda - Alunos 1 Ano Ensino Medio - 1998
240 1 0 _aProjeto cidadão
_lpor
245 1 0 _aProjeto cidadão
300 _a
362 0 _a1998
697 _aLITERATURA GERAL
942 _cBK
999 _c183202
_d183202